007460000a22001810004500090001400000245009000014650002500104650003200129650002400161041001300185700002800198700003000226100003200256942001300288773007800301999001700379952016800396 aARb0211610aAccounting for time in mitigating global warming through land use change and forestry14aDeforestación926614aDióxido de carbono99558514aCambio global942620 aInglés1 aLashof, Daniel A.984801 aMoura Costa, Pedro9117471 aFearnside, Philip M.994346 cARTICULO1 tMitigation and Adaptations Strategies for Global Change31176q1-32d2000 c11192d11192 001040718HEMEROTECAaBogotabBogotad2015-02-27eInternethFuera de circulaciónl0oAR 02116p012492r2015-03-25 00:00:00t1w2015-03-25xDonaciónyARTICULO